Álgebras implicativas de Lukasiewicz (n+1) valuadas con diversas operaciones adicionales /

Guardado en:
Autor Principal: Figallo, Aldo V.
Formato: Libro
Idioma:Spanish
Publicado: 1989.
Materias:
Etiquetas: Agregar Etiqueta
Sin Etiquetas, Sea el primero en etiquetar este registro!
LEADER 00967nam a22002295a 4500
001 MAT.inmabb007068
008 041125s1989####ag#a#####bm###000#0#spa#d
005 20180221111221.0
245 1 0 |a Álgebras implicativas de Lukasiewicz (n+1) valuadas con diversas operaciones adicionales /  |c Aldo Victorio Figallo. 
260 |c 1989. 
300 |a 131 h. :  |b il. ;  |c 30 cm. 
500 |a "Tesis presentada en el Departamento de Matemática de la Universidad Nacional del Sur en Diciembre de 1989". 
502 |a Tesis(doctorado)--Universidad Nacional del Sur. Departamento de Matemática, 1990. 
504 |a Incluye referencias bibliográficas. 
100 1 |a Figallo, Aldo V.  |q (Aldo Victorio) 
082 0 4 |a 040  |2 15 
082 0 4 |a 512.8  |2 15 
650 7 |a Matemáticas.  |2 unbist 
650 7 |a Álgebra.  |2 unbist 
653 |a Álgebra de Lukasiewicz 
859 |a Ar-BaUNS  |b BIB. MATEMATICA  |h 040  |i B148 1989-195  |k R  |p A-8970 
859 |a Ar-BaUNS  |b BIB. MATEMATICA  |h 040  |i B148 1989-195  |p 98801/990